The imperial presidency’s enablers: Why executive power grows unchecked (Record no. 519765)

000 -LEADER
fixed length control field 01081nam a22001457a 4500
008 - FIXED-LENGTH DATA ELEMENTS--GENERAL INFORMATION
fixed length control field 220505b ||||| |||| 00| 0 eng d
100 ## - MAIN ENTRY--PERSONAL NAME
Personal name Vladeck, Stephen I.
245 ## - TITLE STATEMENT
Title The imperial presidency’s enablers: Why executive power grows unchecked
260 ## - PUBLICATION, DISTRIBUTION, ETC. (IMPRINT)
Place of publication, distribution, etc Foreign Affairs
300 ## - PHYSICAL DESCRIPTION
Extent 100(6), Nov-Dec, 2021: p.195-202
520 ## - SUMMARY, ETC.
Summary, etc In 1866, the U.S. Supreme Court handed down its landmark decision in Ex parte Milligan, which barred the federal government from trying civilians in ad hoc military tribunals when civilian courts were available. Writing for the majority, Justice David Davis spent several pages explaining the dangers of an unchecked executive. The United States, he said, “has no right to expect that it will always have wise and humane rulers, sincerely attached to the principles of the Constitution.” Instead, “wicked men, ambitious of power, with hatred of liberty and contempt of law, may fill the place once occupied by Washington and. Reproduced
773 ## - HOST ITEM ENTRY
Main entry heading Foreign Affairs
906 ## - LOCAL DATA ELEMENT F, LDF (RLIN)
Subject DIP POLITICS AND GOVERNMENT
942 ## - ADDED ENTRY ELEMENTS (KOHA)
Item type Articles
Holdings
Withdrawn status Lost status Source of classification or shelving scheme Damaged status Not for loan Permanent location Current location Date acquired Serial Enumeration / chronology Barcode Date last seen Koha item type
          Indian Institute of Public Administration Indian Institute of Public Administration 2022-05-05 100(6), Nov-Dec, 2021: p.195-202 AR126564 2022-05-05 Articles

Powered by Koha